|
|
|
|
| LEADER |
00827cam a2200229 7i4500 |
| 001 |
0000025732 |
| 005 |
20170218090000.0 |
| 008 |
090406 bm |
| 020 |
|
|
|a 9676531790 (pbk.)
|
| 020 |
|
|
|a 9789676531797
|
| 090 |
0 |
0 |
|a HF5549
|b .M35 1995
|
| 100 |
0 |
|
|a Maimunah Aminuddin
|
| 245 |
1 |
0 |
|a Panduan pengurusan personel
|c Maimunah Aminuddin ; diterjemah oleh Noryati Ahmad, Wan Ainun Zarina Wan Ahmad Radzi.
|
| 260 |
|
|
|a Kuala Lumpur:
|b Utusan Pub. & Dis. Sdn Bhd,
|c 1995.
|
| 300 |
|
|
|a viii, 131 p.;
|c 23 cm.
|
| 500 |
|
|
|a Includes index
|
| 650 |
0 |
0 |
|a Personnel management
|
| 700 |
0 |
|
|a Noryati Ahmad
|
| 700 |
0 |
|
|a Wan Ainun Zarina Wan Ahmad Radzi
|
| 997 |
|
|
|a Business & Accountancy, Faculty
|
| 998 |
|
|
|a Human Resource Management, Degree
|
| 999 |
|
|
|a 0000023197
|b BOK
|c REFERENCE
|e Ground Floor, Bestari Jaya
|